000 00311 a2200109 4500
001 ART_30496
005 20260410162003.0
008 260409a
245 1 0 _aEstado: ¿concepto o sujeto cambiante?
100 1 _aPinard, Gustavo
773 0 _tForo político
_g- Vol. XIX (abr. 1997)
_wREV30389
999 _c31468
_d31468